000
00283nam a2200109Ia 4500
008
220204s9999 xx 000 0 und d
082
_a
339.5
_b
MEI
100
_a
MEIER, Gerald M
245
0
_a
International trade and development
260
_a
New York
_b
Harper & Row
_c
1963
942
_c
BK
999
_c
30493
_d
30493